| 000 | 00355pam a2200133 a 4500 | ||
|---|---|---|---|
| 020 |
_a07-085101-8 _c |
||
| 041 | _h | ||
| 082 |
_a658.4032 _bCLE/KIN |
||
| 100 | _aCLELAND D.I.,KING W.R., | ||
| 245 |
_aSYSTEMS ANALYSIS AND PROJECT MANAGEMENT _hTextual Documents |
||
| 260 |
_aTOKYO _bMCGRAW-HILL KOGAKUSHA LTD _c1975 |
||
| 300 | _aXVIII+398 | ||
| 930 | _a7857 | ||
| 999 |
_c127320 _d127320 |
||